| 000 | 00525nam a2200157 a 4500 | ||
|---|---|---|---|
| 008 | 120416s0000 ||||||||||||||||| || u | ||
| 020 | _a0552088005 | ||
| 050 | _aPR 6058.E23 Von | ||
| 100 | _aVon Daniken, Eric | ||
| 245 | 1 | 0 | _aChariots of the Gods? |
| 246 | _aunsolved mysteries of the past | ||
| 260 |
_aLondon _bTransworld/Corgi Books _c1971 |
||
| 300 | _a190p. | ||
| 350 | _a0.00 | ||
| 995 |
_D0.00 _FCBU-MAIN LIBRARY (Kitwe) _H1 _I4.00 _M1 _UAVAILABLE _ZFiction Collection |
||
| 999 |
_c37116 _d37116 |
||